| 000 | 00482nam a22001817a 4500 | ||
|---|---|---|---|
| 003 | OSt | ||
| 005 | 20130515120337.0 | ||
| 008 | 130515s1995 sp ||||| |||| 00| 0 cat d | ||
| 020 | _a8488791240 | ||
| 040 | _cCDMR | ||
| 100 | 1 |
_92908 _aSagarra, Josep Maria de |
|
| 245 | 1 | 2 |
_aL'aperitiu _cJosep Maria de Sagarra |
| 250 | _a4a ed. ; 1a a La Campana | ||
| 260 |
_aBarcelona _bLa Campana _c1995 |
||
| 300 | _a454 p. | ||
| 650 | 0 | 4 |
_93088 _aPeriodisme i literatura _yS. XX |
| 942 |
_2udc _cMON |
||
| 999 |
_c6257 _d6257 |
||